| 000 | 01189nam a2200349Ia 4500 | ||
|---|---|---|---|
| 001 | Z_2474 | ||
| 003 | CHAP | ||
| 008 | 220113s1968 xx 000 0 und d | ||
| 010 | _a165528 | ||
| 040 | _cCHAP | ||
| 082 | _a543.085 M35 | ||
| 100 |
_aMaier, Hans Gerhard _969898 |
||
| 245 |
_aMétodos modernos de análisis de alimentos : técnicas ópticas / _cHans Gerhard Maier; colaboración Georg Leber; prologo Willibald Diemair; traducción Celso Gutierrez Losa |
||
| 260 |
_aZaragoza, España : _bAcribia, _c1968 |
||
| 300 | _aviii, 102 p. | ||
| 500 | _aTraducción de la obra en aleman: Leitfaden moderner methoden der lebensmittelanalytik: optische methoden | ||
| 503 | _aej.1: s/n \ ej.2: s/n \ ej.3: | ||
| 650 |
_aAlimentos _xAnálisis _94164 |
||
| 650 |
_aEquipo óptico _9139415 |
||
| 650 |
_aMétodos analíticos _9139416 |
||
| 650 |
_aPropiedades ópticas _9139417 |
||
| 650 |
_aQuímica analítica _993582 |
||
| 700 |
_a Diemair, Willibald, prol. _9139418 |
||
| 700 |
_a Gutierrez Losa, Celso, tr. _9139419 |
||
| 700 |
_aLeber, Georg, colab. _9139420 |
||
| 901 | _a543.085 M35 | ||
| 902 | _aM | ||
| 910 | _a1968 | ||
| 942 | _c1 | ||
| 942 | _cc1 | ||
| 999 |
_c165528 _d165528 |
||